<?xml version="1.0" encoding="UTF-8"?>
<record
    xmlns:xsi="http://www.w3.org/2001/XMLSchema-instance"
    xsi:schemaLocation="http://www.loc.gov/MARC21/slim http://www.loc.gov/standards/marcxml/schema/MARC21slim.xsd"
    xmlns="http://www.loc.gov/MARC21/slim">

  <leader>00978nam a2200313 a 4500</leader>
  <controlfield tag="001">81675</controlfield>
  <controlfield tag="003">BD-RjUL</controlfield>
  <controlfield tag="005">20230813111024.0</controlfield>
  <controlfield tag="008">230812s1953    ua            000 0 ara d</controlfield>
  <datafield tag="035" ind1=" " ind2=" ">
    <subfield code="a">(BD-RjUL)81675</subfield>
  </datafield>
  <datafield tag="040" ind1=" " ind2=" ">
    <subfield code="a">HAI</subfield>
    <subfield code="b">eng</subfield>
    <subfield code="c">BD-RjUL</subfield>
  </datafield>
  <datafield tag="041" ind1="0" ind2=" ">
    <subfield code="a">ara</subfield>
  </datafield>
  <datafield tag="082" ind1=" " ind2=" ">
    <subfield code="2">23</subfield>
    <subfield code="a">295.092</subfield>
    <subfield code="b">SHH 1953</subfield>
  </datafield>
  <datafield tag="100" ind1="1" ind2=" ">
    <subfield code="a">Al-Shintnawi, Ahmed  ;;  &#x627;&#x644;&#x634;&#x646;&#x62A;&#x646;&#x627;&#x648;&#x64A;&#x60C; &#x623;&#x62D;&#x645;&#x62F;</subfield>
    <subfield code="9">8316</subfield>
  </datafield>
  <datafield tag="245" ind1="1" ind2="4">
    <subfield code="a">&#x627;&#x644;&#x62D;&#x643;&#x645;&#x627;&#x621; &#x627;&#x644;&#x62B;&#x644;&#x627;&#x62B;&#x629; / alhukama' althalathat /</subfield>
    <subfield code="c">Ahmed Al-Shintnawi  ;; &#x627;&#x62D;&#x645;&#x62F; &#x627;&#x644;&#x634;&#x646;&#x62A;&#x646;&#x627;&#x648;&#x64A;</subfield>
  </datafield>
  <datafield tag="250" ind1=" " ind2=" ">
    <subfield code="a">&#x637;&#x628;&#x639;&#x629; &#x662;</subfield>
  </datafield>
  <datafield tag="260" ind1=" " ind2=" ">
    <subfield code="a">&#x645;&#x635;&#x631; :</subfield>
    <subfield code="b">&#x62F;&#x627;&#x631; &#x627;&#x644;&#x645;&#x639;&#x627;&#x631;&#x641;&#x60C;</subfield>
    <subfield code="c">1953</subfield>
  </datafield>
  <datafield tag="300" ind1=" " ind2=" ">
    <subfield code="a">&#x661;&#x665;&#x668; &#x635;. :</subfield>
    <subfield code="b">&#x62A;&#x635;&#x627;&#x648;&#x64A;&#x631; &#x61B;</subfield>
    <subfield code="c">&#x661;&#x666; &#x633;.</subfield>
  </datafield>
  <datafield tag="490" ind1="1" ind2=" ">
    <subfield code="a">&#x627;&#x642;&#x631;&#x623; &#x61B;</subfield>
    <subfield code="v">&#x661;&#x662;&#x663;</subfield>
  </datafield>
  <datafield tag="600" ind1="0" ind2="4">
    <subfield code="a">Confucius.</subfield>
    <subfield code="9">8317</subfield>
  </datafield>
  <datafield tag="600" ind1="0" ind2="4">
    <subfield code="a">Zoroaster.</subfield>
    <subfield code="9">8318</subfield>
  </datafield>
  <datafield tag="650" ind1=" " ind2="4">
    <subfield code="a">Buddhism</subfield>
  </datafield>
  <datafield tag="650" ind1=" " ind2="4">
    <subfield code="a">Zoroastrianism</subfield>
    <subfield code="9">8319</subfield>
  </datafield>
  <datafield tag="650" ind1=" " ind2="4">
    <subfield code="a">Confucianism</subfield>
    <subfield code="9">8320</subfield>
  </datafield>
  <datafield tag="650" ind1=" " ind2="4">
    <subfield code="a">Buddha (The concept)</subfield>
    <subfield code="9">8321</subfield>
  </datafield>
  <datafield tag="830" ind1=" " ind2="0">
    <subfield code="a">&#x627;&#x642;&#x631;&#x623;</subfield>
    <subfield code="9">6778</subfield>
  </datafield>
  <datafield tag="830" ind1=" " ind2="0">
    <subfield code="a">&#x627;&#x642;&#x631;&#x623; &#x61B;</subfield>
    <subfield code="v">&#x661;&#x662;&#x663;</subfield>
    <subfield code="9">6778</subfield>
  </datafield>
  <datafield tag="942" ind1=" " ind2=" ">
    <subfield code="2">ddc</subfield>
    <subfield code="c">BK</subfield>
  </datafield>
  <datafield tag="999" ind1=" " ind2=" ">
    <subfield code="c">81675</subfield>
    <subfield code="d">81675</subfield>
  </datafield>
  <datafield tag="952" ind1=" " ind2=" ">
    <subfield code="0">0</subfield>
    <subfield code="1">0</subfield>
    <subfield code="2">ddc</subfield>
    <subfield code="4">0</subfield>
    <subfield code="7">1</subfield>
    <subfield code="8">NFIC</subfield>
    <subfield code="a">RUCL</subfield>
    <subfield code="b">RUCL</subfield>
    <subfield code="c">Reading</subfield>
    <subfield code="d">2023-08-13</subfield>
    <subfield code="o">A 295.092 SHH 1953</subfield>
    <subfield code="r">2023-08-13 00:00:00</subfield>
    <subfield code="t">C-1</subfield>
    <subfield code="y">BK</subfield>
  </datafield>
</record>
